Statistics for Pokemon Gym Leaders

Click here to take the quiz!

General Stats

  • This quiz has been taken 342 times
  • The average score is 35 of 85

Answer Stats

HintAnswer% Correct
KantoBrock
97%
KantoMisty
96%
KantoGiovanni
80%
KantoLt. Surge
79%
KantoSabrina
73%
KantoKoga
70%
KantoErika
69%
KantoBlaine
66%
KantoBlue
61%
JohtoBugsy
60%
HoennNorman
58%
JohtoFalkner
56%
JohtoWhitney
56%
HoennRoxanne
54%
JohtoJasmine
52%
HoennWallace
52%
JohtoClair
51%
HoennFlannery
51%
HoennTate
50%
HoennWattson
50%
HoennLiza
49%
JohtoMorty
49%
SinnohCrasher Wake
48%
HoennBrawly
47%
UnovaIris
47%
SinnohRoark
47%
SinnohFantina
46%
HoennWinona
46%
KantoJanine
45%
SinnohCandice
44%
JohtoChuck
44%
UnovaCilan
44%
SinnohGardenia
44%
UnovaRoxie
44%
SinnohVolkner
44%
JohtoPryce
43%
HoennJuan
42%
UnovaSkyla
42%
SinnohByron
41%
UnovaCress
41%
UnovaChili
40%
UnovaElesa
40%
SinnohMaylene
40%
UnovaBurgh
39%
UnovaCheren
39%
UnovaClay
39%
UnovaDrayden
39%
UnovaLenora
37%
UnovaBrycen
34%
KalosWulfric
34%
UnovaMarlon
33%
GalarNessa
33%
KalosGrant
31%
KalosKorrina
31%
KalosViola
31%
GalarBea
30%
KalosClemont
30%
GalarMilo
30%
KalosOlympia
30%
KalosValerie
30%
AlolaMallow
29%
KalosRamos
29%
GalarBede
28%
AlolaLana
28%
AlolaOlivia
28%
GalarRaihan
28%
GalarKabu
27%
AlolaKiawe
27%
GalarMarnie
27%
GalarOpal
27%
GalarPiers
27%
GalarAllister
26%
AlolaHapu
25%
GalarMelony
25%
AlolaNanu
24%
AlolaSophocles
24%
AlolaAcerola
22%
GalarGordie
22%
AlolaHala
22%
AlolaIlima
22%
AlolaMina
19%
Galar**Mustard
18%
Galar**Peony
18%
Galar*Avery
16%
Galar*Klara
14%

Score Distribution

Percentile by Number Answered

Percent of People with Each Score

Your Score History

You have not taken this quiz